Statistics for The Only Two Countries...

Click here to take the quiz!

General Stats

  • This quiz has been taken 33,636 times
    (33,556 since last reset)
  • The average score is 13 of 19

Answer Stats

One of two countries that ...Countries% Correct
has a population over 1 billionIndia | China
100%
starts with ZZambia | Zimbabwe
98%
is in South America and does not border BrazilChile | Ecuador
97%
is completely surrounded by ItalySan Marino | Vatican City
97%
is an island nation in the MediterraneanCyprus | Malta
94%
borders only India and ChinaBhutan | Nepal
91%
is landlocked and in South AmericaBolivia | Paraguay
88%
begins with A but doesn't end with AAfghanistan | Azerbaijan
80%
has the word "islands" in its name
{Marshall} Islands | {Solomon} Islands
78%
has a square flagSwitzerland | Vatican City
62%
is doubly landlockedLiechtenstein | Uzbekistan
60%
has the letter X in its nameLuxembourg | Mexico
57%
has a population over 100 million but has never won an Olympic medalBangladesh | D. R. Congo
53%
its name is also a common male first name in the United States
(common = 100,000 people or more)
Jordan | Chad
49%
is mostly on a continental mainland, but its capital city
is on an island
Denmark | Equatorial Guinea
44%
has just 3 different letters in its nameFiji | Togo
44%
has a capital city on one of the world's three largest lakesAzerbaijan | Uganda
38%
has a population over two million and NO militaryCosta Rica | Panama
37%
has left the Commonwealth of Nations (and not returned)Ireland | Zimbabwe
36%

Score Distribution

Percentile by Number Answered

Percent of People with Each Score

Your Score History

You have not taken this quiz since the last reset